000 00972nam a2200265 c 4500
999 _c49667
_d49667
001 49667
003 ES-MaCES
005 20170711130233.0
008 170710s2016 sp o000 | spa d
040 _aES-MaCES
_bspa
_cES-MaCES
110 1 _aEspaña
_bConsejo de Estado
_92748
245 1 0 _aMemorias de los años 2014 y 2015 que el Consejo de Estado en Pleno eleva al Gobierno, en cumplimiento de lo dispuesto en el artículo 20.2 de la Ley orgánica 3/1980, de 23 de abril
260 _aMadrid
_bConsejo de Estado
_c2016
300 _a320 p.
_c24 cm
541 _cGratuito
610 1 4 _aEspaña
_bConsejo de Estado
_92748
650 4 _amemoria anual
_928977
650 4 _ainforme de actividades
_928984
650 4 _a2014
_934918
650 4 _a2015
_931152
653 1 0 _aAdministración-Instituciones públicas
787 0 _tMemorias de los años 2012 y 2013 que el Consejo de Estado (...)
_w(ES-MaCES)45809
902 _aLIB Libro
942 _2CES
_cBK
_h6.3.